al-Mulk lak (Record no. 45312)

MARC details
000 -LEADER
fixed length control field 00662cam a22002171 4500
001 - CONTROL NUMBER
control field ne 62001555
003 - CONTROL NUMBER IDENTIFIER
control field DLC
005 - DATE AND TIME OF LATEST TRANSACTION
control field 20260227111738.0
008 - FIXED-LENGTH DATA ELEMENTS--GENERAL INFORMATION
fixed length control field 900620q19601962ua 000 0 ararc
010 ## - LIBRARY OF CONGRESS CONTROL NUMBER
LC control number ne 62001555
025 ## - OVERSEAS ACQUISITION NUMBER
Overseas acquisition number PL480:UAR-4138
035 ## - SYSTEM CONTROL NUMBER
System control number (OCoLC)21890976
040 ## - CATALOGING SOURCE
Original cataloging agency Princeton Univ. Libr.
Transcribing agency WaU
Modifying agency DLC
042 ## - AUTHENTICATION CODE
Authentication code premarc
050 00 - LIBRARY OF CONGRESS CALL NUMBER
Classification number PJ7824.A33
Item number M8
100 1# - MAIN ENTRY--PERSONAL NAME
Personal name Fahmī, ʻAbd al-Raḥmān.
245 13 - TITLE STATEMENT
Title al-Mulk lak
Statement of responsibility, etc. [taʼlīf] ʻAbd al-Raḥmān Fahmī.
260 ## - PUBLICATION, DISTRIBUTION, ETC.
Place of publication, distribution, etc. [al-Qāhirah,
Name of publisher, distributor, etc. al-Dār al-Qawmīyah lil-Ṭibāʻah wa-al-Nashr
Date of publication, distribution, etc. 196-]
300 ## - PHYSICAL DESCRIPTION
Extent 157 p.
Dimensions 24 cm.
490 0# - SERIES STATEMENT
Series statement Kitāb al-māsī, qiṣaṣ ʻArabīyah,
Volume/sequential designation 3

No items available.

Powered by Koha